College Quizbowl Stats
College Quizbowl Stats
Circuits
Seasons
Sets
Records
Detailed Stats
About
Loading...
2024 Booster Shot (Vanderbilt)
Tossups
Bonuses
Players
Teams
Categories (Tossup)
Categories (Bonus)
Zander Schwartz
Vanderbilt B
Categories
Category
Powers
Gets
Negs
BBs
Points
Earliest Buzz
Avg. Buzz
First Buzzes
Top 3 Buzzes
Literature - British Literature
0
1
0
0
10
113
113.00
0
1
Science - Chemistry
0
1
0
0
10
110
110.00
0
1
Science - Physics
0
1
0
0
10
118
118.00
1
1
Literature - European Literature
0
0
0
0
0
0.00
0
0
Science - Biology
0
0
1
0
-5
0.00
0
0
Buzzes
Category
Answer
Value
Buzz Position
Science - Biology
fertilization
-5
88
Science - Chemistry
reaction rate constant
10
110
Literature - British Literature
Julia
10
113
Science - Physics
angular velocity
10
118
Literature - European Literature
Mademoiselle Fifi
0
133
Previous
1
Next